000
00301nam a2200109Ia 4500
008
190216s9999||||xx |||||||||||||| ||und||
100
_a
"Saxena Vp, Srivastava Bp&Amp; Goel Rp"
245
0
_a
Engineering Colleges Entrance Examinations
260
_b
Young Man & Co
_c
1982
300
_a
738p
942
_c
REF
999
_c
35529
_d
35529